Província de Barcelona : mapa topogràfic / producció: Diputació de Barcelona, Institut Cartogràfic de Catalunya mapa topogràfic / producció:
ISBN:
978-84-9803-332-8
Publicado:
Barcelona :
Diputació de Barcelona. Àrea d'Infraestructures, Urbanisme i Habitatge. Oficina Tècnica de Cartografia i SIG Local ,
2009
Descripción Física:
1 mapa : col. : escala 1: 150000 ; 96 x 119 cm plegat a 14 x 24 cm
MARC
| LEADER | 00000nam a2200000Ia 4500 | ||
|---|---|---|---|
| 001 | 21840 | ||
| 008 | 160829s2009 xx 000 0 cat d | ||
| 020 | |a 978-84-9803-332-8 | ||
| 080 | |a FU-45-32 | ||
| 245 | |a Província de Barcelona : |b mapa topogràfic / producció: |b Diputació de Barcelona, Institut Cartogràfic de Catalunya | ||
| 250 | |a 6a ed. | ||
| 260 | |a Barcelona : |b Diputació de Barcelona. Àrea d'Infraestructures, Urbanisme i Habitatge. Oficina Tècnica de Cartografia i SIG Local, |c 2009 | ||
| 300 | |a 1 mapa : |b col. : |b escala 1: |b 150000 ; |c 96 x 119 cm plegat a 14 x 24 cm | ||
| 650 | |a Barcelona (Província) |x Mapes topogràfics |9 44478 | ||
| 710 | 2 | |a Institut Cartogràfic de Catalunya |9 53041 | |
| 710 | 2 | |a Barcelona (Catalunya : Província). |b Oficina Tècnica de Cartografia i SIG Local |9 51766 | |
| 901 | |a Arxiu | ||
| 942 | |n 1 | ||
| 952 | |0 0 |1 0 |4 0 |6 FU4532 |7 1 |9 53163 |a Arxiu |b Arxiu |d 2016-12-01 |l 0 |o FU-45-32 |p 21840 |r 2016-12-01 00:00:00 |w 2016-12-01 |y ARXIU | ||
| 999 | |c 57012 |d 57012 | ||